| 000 | 00598nam a2200193 a 4500 | ||
|---|---|---|---|
| 005 | 20140310183312.0 | ||
| 008 | 051013s19uu xx 00 eng d | ||
| 020 | _a1591403677 | ||
| 050 |
_aT 58.64 _b.M353 2005 |
||
| 100 | _aKhan, Khaled | ||
| 245 |
_aManaging corporate information systems evolution and maintenance / _cKhaled M. Khan and Yan Zhang. |
||
| 260 |
_aHershey PA : _bIdea Group Publishing, _c2005. |
||
| 300 |
_axii, 376 p. : _bill. ; _c25 cm. |
||
| 521 | _aIT | ||
| 650 | _aInformation resources management. | ||
| 700 | _aZhang, Yan | ||
| 942 |
_cBK _2lcc _kFOR |
||
| 999 |
_c21183 _d21183 |
||